000 00718nam a22002417a 4500
003 OSt
005 20140310184252.0
008 131002t xxu||||| |||| 00| 0 eng d
020 _a9780590424042
050 _aHV 1624.K4
_b.D36 1969
100 _aDavidson, Margaret
_95918
245 _aHelen Keller /
_cMargaret Davidson
260 _aScholastic Inc :
_bNewYork,
_cc1969.
300 _a95 p. :
_bill, ;
_c19 cm.
521 _aG3
526 _c500
541 _j1
562 _e1
650 _aKeller, Helen,
_x1880-1968
_xJuvenile literature
_922781
650 _aKeller, Helen,
_x1880-1968.
_922782
650 _aDeafblind people
_xUnited States
_xJuvenile literature.
_922783
942 _2lcc
_cBK-SCHOLAS
999 _c33380
_d33380